[Event "45th Olympiad 2024"]
[Site "Budapest HUN"]
[Date "2024.09.14"]
[Round "4.28"]
[Board "3"]
[White "Georgiadis, Nico"]
[Black "Toczek, Grzegorz"]
[Result "1-0"]
[WhiteElo "2510"]
[BlackElo "2301"]
[PlyCount "48"]
[EventDate "2024.09.11"]
[WhiteTeam "Switzerland"]
[BlackTeam "Wales"]
[WhiteTeamCountry "SUI"]
[BlackTeamCountry "WLS"]

1. d4 d5 2. c4 dxc4 3. Nf3 Nf6 4. e3 e6 5. Bxc4 a6 6. O-O b5 7. Bd3 Bb7 8. a4 b4 9. Nbd2 c5 10. a5 Be7 11. Qe2 Nbd7 12. Nc4 O-O 13. e4 ({RR} 13. Rd1 cxd4 14. exd4 h6 15. Bf4 Nd5 16. Bg3 N7f6 17. Nfe5 Rc8 18. Rac1 Nd7 19. Nxd7 Qxd7 20. Ne5 Qd8 21. Qe4 f5 22. Qe2 Bf6 23. Ng6 Re8 24. Bxa6 Bxa6 25. Qxa6 Rxc1 26. Rxc1 Bxd4 27. Qb7 Qg5 {0-1 Srdanovic,J (2134)-Sabatier,M (2133) Titled Tue 4th Jun Early 2024 (5)}) 13... cxd4 14. e5 Nd5 15. Qe4 $146 ({RR} 15. Nxd4 Nc5 16. Rd1 Nxd3 17. Rxd3 Qc7 18. Rh3 g6 19. Qd2 h5 20. Qh6 Bc8 21. Rg3 Qxc4 22. Rxg6+ fxg6 23. Qxg6+ Kh8 24. Qh6+ Kg8 25. Qg6+ Kh8 26. Qxh5+ Kg8 27. Qg6+ Kh8 28. Qh6+ Kg8 29. Qg6+ Kh8 {½-½ Wagner,D (2584)-Xiong,J (2686) Titled Tuesday intern op 01st Feb-A blitz 2022 (5)}) 15... g6 16. Qxd4 Nc5 17. Bc2 b3 18. Bd1 Nc7 19. Nd6 Bxf3 20. Bxf3 Nd7 21. Bh6 Rb8 22. Rfd1 Bg5 23. Bxf8 Nxf8 24. Qa7 Ra8 1-0

[Event "45th Olympiad 2024"]
[Site "Budapest HUN"]
[Date "2024.09.14"]
[Round "4.28"]
[Board "4"]
[White "Bullen, Alex"]
[Black "Kurmann, Oliver"]
[Result "0-1"]
[WhiteElo "2155"]
[BlackElo "2421"]
[PlyCount "96"]
[EventDate "2024.09.11"]
[WhiteTeam "Wales"]
[BlackTeam "Switzerland"]
[WhiteTeamCountry "WLS"]
[BlackTeamCountry "SUI"]

1. d4 Nf6 2. Nf3 e6 3. c4 d5 4. e3 c5 5. cxd5 exd5 6. Bb5+ Nc6 7. Nc3 cxd4 8. Nxd4 Bd7 9. O-O Bd6 10. Be2 O-O 11. Nxc6 bxc6 12. e4 Qc7 13. exd5 Bxh2+ 14. Kh1 Be5 $146 ({RR} 14... Nxd5 15. Nxd5 cxd5 16. g3 Bxg3 17. fxg3 Qxg3 18. Bf4 Qh4+ 19. Kg1 Rae8 20. Bd3 d4 21. Qf3 Re6 22. Rac1 Rf6 23. Qg3 Qxg3+ 24. Bxg3 Rxf1+ 25. Kxf1 Be6 26. b4 h5 27. Rc5 Bxa2 28. Rxh5 Re8 29. Bh7+ {1-0 Ashiku,F (2419)-Sirosh,I (2405) Online Olym Div2 C rapid 2020 (1.1)}) 15. Bf3 Rab8 16. Re1 cxd5 17. Nxd5 Nxd5 18. Bxd5 Bxb2 19. Bxb2 Rxb2 20. Qf3 Qc5 21. Kg1 Be6 22. Be4 Bxa2 23. Rec1 Qd4 24. Rd1 Qe5 25. Qa3 Bc4 26. Re1 Re2 27. Rxe2 Bxe2 28. Bc2 Qg5 29. Be4 a6 30. Re1 Qd2 31. Rb1 g6 32. Qe7 Bb5 33. Bb7 Re8 34. Qf6 Re6 35. Qf3 Re1+ 36. Rxe1 Qxe1+ 37. Kh2 Qe5+ 38. Kg1 Qe1+ 39. Kh2 Qe5+ 40. Kg1 Bc4 41. Qc6 Qb5 42. Qe4 a5 43. Bc6 Qc5 44. Qe8+ Kg7 45. Qa8 Bb3 46. Qe8 a4 47. Be4 a3 48. Qb8 a2 0-1

[Event "45th Olympiad 2024"]
[Site "Budapest HUN"]
[Date "2024.09.14"]
[Round "4.29"]
[Board "1"]
[White "Barrish, Daniel"]
[Black "Supi, Luis Paulo"]
[Result "1-0"]
[WhiteElo "2281"]
[BlackElo "2570"]
[PlyCount "131"]
[EventDate "2024.09.11"]
[WhiteTeam "South Africa"]
[BlackTeam "Brazil"]
[WhiteTeamCountry "RSA"]
[BlackTeamCountry "BRA"]

1. d4 d5 2. c4 e6 3. Nc3 a6 4. cxd5 exd5 5. Bf4 Nf6 6. e3 Bd6 7. Bg5 c6 8. Bd3 Nbd7 9. Nf3 O-O 10. O-O Re8 11. Qc2 Be7 12. h3 Nf8 13. Bf4 ({RR} 13. Rae1 Be6 14. Ne5 N6d7 15. Bxe7 Qxe7 16. f4 f6 17. Nxd7 Qxd7 18. f5 Bf7 19. Qf2 Re7 20. Qf4 Qc7 21. Qxc7 Rxc7 22. b4 Nd7 23. a4 a5 24. bxa5 Rxa5 25. Rb1 Kf8 26. Rfc1 Ke7 27. Kf2 g5 {½-½ Rakhmanov,A (2661)-Indjic,A (2629) SRB-chT Premier 2021 (7.1)}) 13... Ng6 14. Rfe1 $146 ({RR} 14. Rae1 Bd6 15. Bg5 Bd7 16. e4 dxe4 17. Nxe4 Be7 18. Nc5 b6 19. Nxd7 Qxd7 20. Ne5 Qxd4 21. Nxc6 Qd6 22. Rd1 Rac8 23. Nxe7+ Qxe7 24. Qa4 Ne5 25. Bxa6 Ra8 26. Rfe1 Qa7 27. Qd4 Nc6 28. Rxe8+ Rxe8 {½-½ Hakobyan,A (2615)-Oganian,M (2437) Titled Tuesday intern op 10th May Early blitz 2022 (9)}) ({RR} 14. Bh2 Bd6 15. Bxd6 Qxd6 16. Rab1 Qe7 17. Bxg6 hxg6 18. Rbc1 Bf5 19. Qb3 Rab8 20. Ne5 Nd7 21. Nxd7 Bxd7 22. Na4 Qg5 23. Kh2 Qf6 24. Qb6 Qd6+ 25. Kg1 Re7 26. Nc5 g5 27. Nxb7 g6 28. Qc5 Qf6 {1-0 Agasiyev,K (2441)-Papasimakopoulos,A (2402) Titled Tue 30th Jan Early 2024 (10)}) ({RR} 14. Bg3 Bd6 15. Bxd6 Qxd6 16. Rab1 Qe7 17. b4 Ne4 18. a4 Ng5 19. Nxg5 Qxg5 20. Kh2 Nh4 21. g3 Nf3+ 22. Kg2 Qh5 23. Rh1 Ng5 24. g4 Qh4 25. Qe2 Ne4 26. Nxe4 dxe4 27. Bc4 Kh8 28. f4 exf3+ {0-1 Krebs,J (2284)-Singer,C (2362) AUT-chT2M 1112 2011 (10.3)}) 14... Bd6 15. Bg5 Be6 16. e4 dxe4 17. Nxe4 Be7 18. Nc5 Bxc5 19. dxc5 h6 20. Bxh6 gxh6 21. Bxg6 Bd5 22. Rxe8+ Qxe8 23. Qc3 Ne4 24. Bxe4 Qxe4 25. Re1 Qg6 26. a3 Kh7 27. Nh4 Qg5 28. g3 Rg8 29. Qd3+ Kh8 30. Qd4+ Kh7 31. Kh2 Be6 32. Qd3+ Kh8 33. Qd4+ Kh7 34. Qd3+ Kh8 35. Qc3+ Kh7 36. Re5 Qf6 37. Qd3+ Kh8 38. Qe3 Rd8 39. Ng2 Rd1 40. Nf4 Bd5 41. Nxd5 cxd5 42. Qe2 Rd4 43. Kg2 a5 44. Qe3 Rd1 45. Re8+ Kg7 46. Qe7 Qxb2 47. Qf8+ Kg6 48. Rd8 Qg7 49. Rd6+ Kh7 50. Qe8 Rd2 51. h4 a4 52. Qe3 Rd4 53. Qf3 Qf8 54. Qf5+ Kg8 55. Qf6 Re4 56. Rxd5 Re6 57. Qd4 Re8 58. Qxa4 Qe7 59. Qd4 Rc8 60. Qg4+ Kh7 61. Qf5+ Kg7 62. Rd7 Qe8 63. Rxb7 Qc6+ 64. Qf3 Qxf3+ 65. Kxf3 Rxc5 66. Rb3 1-0

[Event "45th Olympiad 2024"]
[Site "Budapest HUN"]
[Date "2024.09.14"]
[Round "4.29"]
[Board "2"]
[White "Quintiliano, Renato R."]
[Black "Karsten, Jan"]
[Result "1-0"]
[WhiteElo "2499"]
[BlackElo "2311"]
[PlyCount "73"]
[EventDate "2024.09.11"]
[WhiteTeam "Brazil"]
[BlackTeam "South Africa"]
[WhiteTeamCountry "BRA"]
[BlackTeamCountry "RSA"]

1. d4 Nf6 2. Nf3 g6 3. Nbd2 c5 4. dxc5 Qa5 5. a3 Qxc5 6. b4 Qc7 7. Bb2 Bg7 8. c4 O-O 9. g3 b6 10. Bg2 Bb7 11. O-O d6 12. Rc1 Nbd7 13. Qb3 Rac8 14. Rfd1 Rfd8 15. Nf1 Qb8 16. Ne3 Qa8 17. g4 h6 18. h4 Ne5 $146 ({RR} 18... h5 19. g5 Ng4 20. Bxg7 Kxg7 21. Ne1 Nxe3 22. Qxe3 Ne5 23. c5 bxc5 24. bxc5 Kg8 25. cxd6 exd6 26. Qd4 Rxc1 27. Rxc1 Rc8 28. Rxc8+ Qxc8 29. Qxd6 Nc4 30. Qd4 Bxg2 31. Nxg2 Qe6 32. Qd3 a5 33. a4 {½-½ Xiong,J (2656)-Jones,G (2677) Douglas IoM op 2018 (9)}) 19. g5 hxg5 20. hxg5 Nh5 21. Nxe5 dxe5 22. Bf1 Nf4 23. Ng4 Bg2 24. f3 Bxf1 25. Kxf1 Ne6 26. Bxe5 Nxg5 27. Bxg7 Kxg7 28. Qe3 Rxd1+ 29. Rxd1 Rh8 30. Rd7 Ne6 31. Qe5+ Kg8 32. Rxe7 Rh1+ 33. Kg2 Rh5 34. Nf6+ Kf8 35. Qd6 Rg5+ 36. Kf2 Ng7 37. Re8# 1-0

[Event "45th Olympiad 2024"]
[Site "Budapest HUN"]
[Date "2024.09.14"]
[Round "4.29"]
[Board "3"]
[White "Mhango, Banele"]
[Black "Di Berardino, Diego Rafael"]
[Result "0-1"]
[WhiteElo "2261"]
[BlackElo "2472"]
[PlyCount "106"]
[EventDate "2024.09.11"]
[WhiteTeam "South Africa"]
[BlackTeam "Brazil"]
[WhiteTeamCountry "RSA"]
[BlackTeamCountry "BRA"]

1. d4 Nf6 2. Nc3 d5 3. Bf4 c5 4. e3 cxd4 5. exd4 a6 6. Nf3 Nc6 7. Ne5 Bd7 8. g3 e6 9. Nxd7 Nxd7 10. Ne2 Be7 11. Bg2 O-O 12. O-O b5 13. c3 Nb6 $146 ({RR} 13... Rc8 14. Qd3 Nb6 15. Rac1 Qd7 16. b3 Bd6 17. Be3 Rc7 18. h4 Ne7 19. h5 Rfc8 20. g4 a5 21. h6 g6 22. Bf3 Kf8 23. Kg2 a4 24. Ra1 Ra7 25. Rab1 axb3 26. axb3 Ra3 27. Bg5 Ng8 28. Rfc1 {0-1 Zhalmakhanov,R (2493)-Demchenko,A (2609) World Blitz 2023 (16.56)}) 14. b4 a5 15. a3 Nc4 16. Qb1 Ra7 17. Nc1 Bd6 18. Bxd6 Qxd6 19. Rd1 Rfa8 20. Nb3 axb4 21. axb4 Rxa1 22. Nxa1 Ra3 23. Nb3 Nb8 24. Bf1 Nd7 25. Bd3 g6 26. Rc1 Ndb6 27. Qc2 Na4 28. Ra1 Rxa1+ 29. Nxa1 Qc7 30. Nb3 Na3 31. Qa2 Qxc3 32. Bxb5 Qxb4 33. Bxa4 Qxa4 34. Nc5 Qb4 35. Kg2 Kg7 36. Qb3 Qxb3 37. Nxb3 g5 38. Kf3 h5 39. h3 Nc4 40. Nc5 Nd6 41. g4 h4 42. Ke3 Nc4+ 43. Ke2 Kf6 44. Nd7+ Ke7 45. Nc5 f6 46. f3 e5 47. Kd3 Nd6 48. Na6 Nb5 49. dxe5 fxe5 50. Nb4 Kd6 51. Nc2 Nc7 52. Ne3 Ne6 53. Nf5+ Kd7 0-1

[Event "45th Olympiad 2024"]
[Site "Budapest HUN"]
[Date "2024.09.14"]
[Round "4.29"]
[Board "4"]
[White "Do Valle Cardoso, Lucas"]
[Black "Cawdery, Daniel"]
[Result "1/2-1/2"]
[WhiteElo "2364"]
[BlackElo "2356"]
[PlyCount "97"]
[EventDate "2024.09.11"]
[WhiteTeam "Brazil"]
[BlackTeam "South Africa"]
[WhiteTeamCountry "BRA"]
[BlackTeamCountry "RSA"]

1. e4 e5 2. Nf3 Nc6 3. Bb5 f5 4. Nc3 fxe4 5. Nxe4 Nf6 6. Qe2 d5 7. Nxf6+ gxf6 8. d4 Bg7 9. dxe5 O-O 10. Bxc6 bxc6 11. e6 Re8 12. O-O Rxe6 13. Qd3 ({RR} 13. Be3 Re8 14. Qd3 Bg4 15. Nh4 c5 16. Rfe1 c4 17. Qd2 f5 18. Bg5 Qd7 19. c3 d4 20. h3 Bh5 21. Bh6 Bf6 22. Bg5 Bh8 23. Be7 Bg6 24. Bc5 d3 25. Nf3 Re4 26. Ng5 Rxe1+ 27. Rxe1 Bf6 {0-1 Shirov,A (2699)-Radjabov,T (2747) Odessa Pivdenny Bank rapid 2007 (3)}) 13... Re4 ({RR} 13... Qe8 14. Nd4 Re4 15. f3 Re1 16. Bd2 Rxa1 17. Rxa1 c5 18. Nb5 Qf7 19. Nxc7 Rb8 20. Nxd5 Be6 21. Nf4 Bc4 22. Qd6 Rxb2 23. Re1 Bf8 24. Qd8 Rxc2 25. h4 Rxd2 26. Qxd2 Qc7 27. Nd5 Bxd5 28. Qxd5+ {1-0 Garakov,M (2447)-Ruge,E (2201) Titled Tue 14th Mar Early 2023 (2)}) 14. Be3 Qe8 $146 ({RR} 14... a5 15. Rfe1 Qd6 16. Rad1 Bf5 17. c4 Rd8 18. Nd4 Bg6 19. c5 Qxc5 20. Qa6 Rde8 21. Qxc6 {½-½ Rozsnyai,T (2164)-Rosing,H Budapest Spring op 24th 2008 (2)}) ({RR} 14... Qd6 15. Nd2 Rg4 16. f3 Rg6 17. Nb3 a5 18. Nc5 Bh3 19. Rf2 Re8 20. Bd4 Qe7 21. c3 Bh6 22. f4 Bc8 23. f5 Rg4 24. Ne6 Bxe6 25. fxe6 c5 26. Bxf6 Qxe6 27. Rf3 c4 28. Qf1 Qb6+ 29. Bd4 {0-1 Jackson,J (2369)-Tilicheev,V (2414) Kesarovski Georgiev Memorial 14th 2015 (2)}) 15. Rfe1 Bf5 16. Nd2 Re5 17. Qc3 c5 18. Qxc5 Bf8 19. Qc3 c5 20. Nf3 d4 21. Nxd4 cxd4 22. Bxd4 Rxe1+ 23. Rxe1 Qf7 24. Bxf6 Rc8 25. Qg3+ Qg6 26. Qb3+ Qf7 27. Qg3+ Qg6 28. c3 Kf7 29. Bd4 Qxg3 30. hxg3 a6 31. f3 Be6 32. b3 Bd6 33. Kf2 a5 34. g4 Ra8 35. Rh1 Kg6 36. Rh5 a4 37. Rb5 axb3 38. axb3 Bf4 39. Ke2 Ra3 40. Rb6 Kf7 41. Rb7+ Ke8 42. Kd3 Rxb3 43. Rxh7 Rb2 44. Ke4 Bd6 45. Rh6 Kf7 46. Rh7+ Ke8 47. Rh6 Kf7 48. f4 Rxg2 49. g5 1/2-1/2

[Event "45th Olympiad 2024"]
[Site "Budapest HUN"]
[Date "2024.09.14"]
[Round "4.30"]
[Board "1"]
[White "Arab, Adlane"]
[Black "Makhnev, Denis"]
[Result "1/2-1/2"]
[WhiteElo "2477"]
[BlackElo "2551"]
[PlyCount "82"]
[EventDate "2024.09.11"]
[WhiteTeam "Algeria"]
[BlackTeam "Kazakhstan"]
[WhiteTeamCountry "ALG"]
[BlackTeamCountry "KAZ"]

1. d4 Nf6 2. c4 e6 3. g3 d5 4. Nf3 Be7 5. Bg2 O-O 6. O-O a5 7. Nc3 c6 8. Qc2 ({RR} 8. Bf4 Nbd7 9. Rc1 dxc4 10. e4 b5 11. d5 cxd5 12. exd5 exd5 13. Nxd5 Ra6 14. Nxe7+ Qxe7 15. a4 Qb4 16. Bd2 Qxa4 17. Qxa4 bxa4 18. Rxc4 Rb6 19. Rfc1 Ba6 20. Rxa4 Rxb2 21. Rxa5 Bb7 22. Bc3 Rb6 {½-½ Le,Q (2728)-Carlsen,M (2864) Miami FTX Crypto Cup rapid 2022 (4.2)}) ({RR} 8. b3 b6 9. Ne5 Ba6 10. Bb2 Nfd7 11. Nxd7 Nxd7 12. cxd5 cxd5 13. Rc1 Rc8 14. Re1 b5 15. e3 b4 16. Na4 Bb5 17. Bf1 Rxc1 18. Qxc1 Bxa4 19. bxa4 Nb6 20. Qc6 Qd6 21. Qb5 Rb8 22. Rc1 Nc4 {0-1 Jocev,M (2247)-Makhnev,D (2545) Serbia Open 2024 (1.5)}) 8... b6 9. Rd1 $146 ({RR} 9. cxd5 cxd5 10. Bf4 Ba6 11. Rfe1 Nbd7 12. Rac1 Rc8 13. Qb1 b5 14. Nd2 Qb6 15. e4 dxe4 16. Be3 Qb8 17. Ndxe4 Nxe4 18. Bxe4 Nf6 19. Bd3 Qb7 20. Ne4 h6 21. Nc5 Bxc5 22. dxc5 Qc6 23. Be2 Bb7 {½-½ Federic,J (2207)-Chlpek,D (2030) SVK-chT2A 2122 2021 (11.5)}) ({RR} 9. e4 Ba6 10. e5 Nfd7 11. b3 dxc4 12. bxc4 Bxc4 13. Rd1 h6 14. g4 Na6 15. Ne4 Bd5 16. a3 a4 17. g5 Bb3 18. Qe2 Bxd1 19. Qxd1 hxg5 20. Nfxg5 g6 21. Qg4 Kg7 22. Qh3 Rh8 23. Qf3 Qe8 {1-0 Oliveira,T (1982)-King Rodriguez,O (2005) Titled Tue 9th Jul Late 2024 (11)}) ({RR} 9. e4 Bb7 10. e5 Ne8 11. h4 Na6 12. cxd5 cxd5 13. a3 Rc8 14. Bg5 Nb8 15. Bxe7 Qxe7 16. Ng5 g6 17. f4 Ng7 18. Bf3 Ba6 19. Rfd1 Nc6 20. h5 b5 21. Qh2 h6 22. hxg6 Nf5 23. Nxf7 Rxf7 {1-0 Muhammad Shahzeb (1853)-Valdes Escobar,A (2349) Titled Tue 28th Mar Late 2023 (8)}) 9... Ba6 10. Ne5 Nfd7 11. Nxd7 Nxd7 12. cxd5 cxd5 13. e4 Nf6 14. exd5 Nxd5 15. Nxd5 exd5 16. Bf4 Rc8 17. Qf5 Bc4 18. Qg4 Re8 19. b3 Ba6 20. Qf5 Bf6 21. Rac1 Rxc1 22. Rxc1 g6 23. Qxd5 Bxd4 24. Qxd8 Rxd8 25. Bf1 Bxf1 26. Kxf1 Bc5 27. Ke2 Kg7 28. Be3 Re8 29. Rc3 Kf6 30. Kf3 Bxe3 31. Rc6+ Ke5 32. fxe3 Re6 33. Rc7 Rf6+ 34. Ke2 Kd6 35. Rc4 Rf5 36. Rd4+ Rd5 37. Rh4 h5 38. Rf4 Ke6 39. Rc4 Kd6 40. Rf4 Ke6 41. Rc4 Kd6 1/2-1/2

[Event "45th Olympiad 2024"]
[Site "Budapest HUN"]
[Date "2024.09.14"]
[Round "4.30"]
[Board "2"]
[White "Nogerbek, Kazybek"]
[Black "Djabri, Massinas"]
[Result "1/2-1/2"]
[WhiteElo "2519"]
[BlackElo "2280"]
[PlyCount "91"]
[EventDate "2024.09.11"]
[WhiteTeam "Kazakhstan"]
[BlackTeam "Algeria"]
[WhiteTeamCountry "KAZ"]
[BlackTeamCountry "ALG"]

1. e4 c5 2. Nf3 d6 3. d4 cxd4 4. Nxd4 Nf6 5. Nc3 a6 6. Be2 e5 7. Nb3 Be7 8. h4 ({RR} 8. Qd3 Be6 9. Be3 Nc6 10. a3 d5 11. exd5 Nxd5 12. Nxd5 Qxd5 13. Qxd5 Bxd5 14. O-O O-O 15. Rad1 Be4 16. Nc5 Bxc2 17. Rd2 Bf5 18. Nxb7 Nd4 19. Bxd4 exd4 20. Rxd4 Bf6 21. Rb4 a5 22. Rb5 Bd7 {½-½ Nakamura,H (2787)-Vachier Lagrave,M (2785) Gibraltar Masters playoff 14th rapid 2016 (14)}) 8... Be6 9. f4 d5 $146 ({RR} 9... h5 10. f5 Bd7 11. Bg5 Bc6 12. Bf3 Nbd7 13. Qe2 b5 14. a3 Qb6 15. Qf2 a5 16. O-O Qb7 17. Rfe1 O-O 18. Rad1 b4 19. axb4 axb4 20. Nd5 Bxd5 21. exd5 Rfe8 22. Nd2 Rac8 23. Nb3 Bd8 24. Kh1 {0-1 Pap,G (2476)-Le,Q (2731) Titled Tue 2nd Jul Early 2024 (5)}) ({RR} 9... Qc7 10. f5 Bc4 11. g4 h6 12. Be3 b5 13. a3 Nbd7 14. Nd2 d5 15. exd5 Nxd5 16. Nxc4 Nxc3 17. bxc3 bxc4 18. Qd5 Rc8 19. Rb1 Nf6 20. Qg2 Qa5 21. Qb7 Qxc3+ 22. Kf2 Rd8 23. Qc6+ Kf8 24. Rhd1 {1-0 Hong,A (2449)-Cardoso Cardoso,J (2321) Wch FIDE Online U16 America qual rapid 2020 (6)}) 10. fxe5 Nxe4 11. Nxe4 dxe4 12. Qxd8+ Kxd8 13. Nd4 Bd7 14. O-O Ke8 15. Bc4 Rf8 16. Be3 Nc6 17. Nxc6 Bxc6 18. Rf4 f6 19. exf6 Rxf6 20. Raf1 Rxf4 21. Rxf4 Bf6 22. c3 Rd8 23. Bb3 Kd7 24. h5 h6 25. Rf5 Re8 26. g4 b5 27. Kf2 a5 28. Rxf6 gxf6 29. Bxh6 a4 30. Bf7 Ke7 31. Bxe8 Bxe8 32. Bf4 Bf7 33. h6 Kf8 34. a3 Be6 35. g5 fxg5 36. Bxg5 Bc4 37. Ke3 Bd3 38. Kd4 Kg8 39. Bc1 Kh7 40. Kc5 Kg6 41. Kb4 Bc4 42. Bd2 Kh7 43. Kc5 Kg6 44. Kd4 Bd3 45. c4 Bxc4 46. Kxe4 1/2-1/2

[Event "45th Olympiad 2024"]
[Site "Budapest HUN"]
[Date "2024.09.14"]
[Round "4.30"]
[Board "3"]
[White "Brahami, Lamine"]
[Black "Suleymenov, Alisher"]
[Result "0-1"]
[WhiteElo "2188"]
[BlackElo "2484"]
[PlyCount "114"]
[EventDate "2024.09.11"]
[WhiteTeam "Algeria"]
[BlackTeam "Kazakhstan"]
[WhiteTeamCountry "ALG"]
[BlackTeamCountry "KAZ"]

1. d4 e6 2. c4 b6 3. Nc3 Bb7 4. e4 Bb4 5. Qc2 Qh4 6. d5 f5 7. exf5 exd5 8. cxd5 Nf6 9. Nf3 Qe4+ 10. Qxe4+ Nxe4 11. Bd2 $146 ({RR} 11. a3 Bxc3+ 12. bxc3 Bxd5 13. c4 Bb7 14. Bb2 O-O 15. Nd4 Nc6 16. f3 Nc5 17. Nb5 Rac8 18. f6 a6 19. Nd4 Rxf6 20. Nxc6 Rxc6 21. Kf2 Rd6 22. Re1 Rd2+ 23. Re2 Nd3+ 24. Ke3 Rxe2+ {0-1 Sharma,V (2225)-Rahman,Z (2557) Hyderabad op 1st 2006 (2)}) 11... Nxd2 12. Kxd2 Bxd5 13. Nd4 Nc6 14. Nc2 Ba5 15. Re1+ Kf8 16. a3 Bb3 17. Bb5 a6 18. Bxc6 dxc6 19. Nd4 Rd8 20. Ke3 Bxc3 21. bxc3 Bd5 22. Kf4 Kf7 23. Ne6 Rd6 24. Ng5+ Kf6 25. f3 Rd7 26. Re3 h6 27. h4 Rg8 28. Rhe1 g6 29. Re6+ Bxe6 30. Rxe6+ Kg7 31. Rxg6+ Kf8 32. Rxh6 Ke8 33. g4 Rd3 34. Ne4 Rf8 35. Re6+ Kd7 36. g5 Rxf3+ 37. Kg4 R8xf5 38. Re5 R3f4+ 39. Kg3 Rf3+ 40. Kg4 R5f4+ 41. Kh5 Rh3 42. Kg6 Rfxh4 43. Kf6 Rf4+ 44. Kg7 Rhf3 45. Nf6+ Kd6 46. Re8 Rf5 47. Kg6 Ra5 48. Rd8+ Ke5 49. Kg7 Rxa3 50. Re8+ Kf5 51. Nh7 Raxc3 52. g6 Rg3 53. Rf8+ Ke6 54. Re8+ Kf5 55. Rf8+ Ke5 56. Nf6 Rcf3 57. Re8+ Kf5 0-1

[Event "45th Olympiad 2024"]
[Site "Budapest HUN"]
[Date "2024.09.14"]
[Round "4.30"]
[Board "4"]
[White "Ansat, Aldiyar"]
[Black "Bengherabi, Khalil"]
[Result "1-0"]
[WhiteElo "2457"]
[BlackElo "2076"]
[PlyCount "47"]
[EventDate "2024.09.11"]
[WhiteTeam "Kazakhstan"]
[BlackTeam "Algeria"]
[WhiteTeamCountry "KAZ"]
[BlackTeamCountry "ALG"]

1. e4 c5 2. Nf3 d6 3. Nc3 Nf6 4. Bc4 Nc6 5. d4 cxd4 6. Nxd4 g6 7. Nxc6 bxc6 8. e5 Nd7 9. exd6 exd6 10. O-O Ne5 ({RR} 10... Be7 11. Bh6 Nb6 12. Qd4 Rg8 13. Rfe1 d5 14. Be2 f6 15. Bb5 cxb5 16. Qxf6 Bf5 17. Bg5 Be4 18. Qxe7+ Qxe7 19. Bxe7 Kxe7 20. f3 b4 21. Nb5 Rgc8 22. fxe4 Rxc2 23. exd5+ Kd7 24. d6 Rc5 25. Nc7 {½-½ Lupulescu,C (2467)-Jianu,V (2397) ROM-ch Targoviste 2001 (7)}) 11. Be2 ({RR} 11. Qe2 Qe7 12. Bb3 a5 13. Re1 Ba6 14. Qd1 g5 15. Be3 h6 16. Ne4 Bc8 17. Bd4 f6 18. Nxd6+ Qxd6 19. Qh5+ Kd7 20. Bxe5 fxe5 21. Rad1 Kc7 22. Rxd6 Bxd6 23. Qf7+ Bd7 24. Be6 Rad8 25. Rd1 Rhf8 {1-0 Sukovic,A (2322)-Manukyan,S (2163) 23rd ch-EUR Indiv 2023 (9.155)}) 11... Be7 12. Bh6 f6 $146 ({RR} 12... Be6 13. f4 Nd7 14. Bg7 Rg8 15. Bd4 d5 16. Bg4 f5 17. Qe2 Kf7 18. Rae1 Nf8 19. Bf3 Bd6 20. Be5 Qc7 21. Kh1 Bxe5 22. Qxe5 Qxe5 23. Rxe5 Nd7 24. Ree1 Rab8 25. b3 Rb4 26. Ne2 Nf6 27. Nc1 {1-0 Souza,I (2283)-Santos,J Caxias do Sul op 12th rapid 2012 (6)}) ({RR} 12... Be6 13. Re1 f5 14. f4 Nf7 15. Bg7 Rg8 16. Bd4 Kf8 17. Bf3 Bd7 18. Ne2 Bf6 19. Kh1 a5 20. Qd3 Rb8 21. Qc3 Bxd4 22. Nxd4 Qb6 23. b3 Qb4 24. Qb2 c5 25. Ne6+ Bxe6 26. Rxe6 Qxf4 27. Rae1 {1-0 De Moura,S (2150)-Do Prado,A (1709) Cordeiropolis Freitas Levy Memorial 2015 (1)}) 13. Re1 d5 14. f4 Nf7 15. Bg7 Rg8 16. Bb5 Qb6+ 17. Kh1 Rxg7 18. Nxd5 Qxb5 19. Nc7+ Kf8 20. Nxb5 cxb5 21. Qd5 Rb8 22. Rxe7 Kxe7 23. Re1+ Kf8 24. Qc5+ 1-0

[Event "45th Olympiad 2024"]
[Site "Budapest HUN"]
[Date "2024.09.14"]
[Round "4.31"]
[Board "1"]
[White "Mandizha, Farai"]
[Black "Garcia Pantoja, Roberto"]
[Result "0-1"]
[WhiteElo "2371"]
[BlackElo "2550"]
[PlyCount "199"]
[EventDate "2024.09.11"]
[WhiteTeam "Zimbabwe"]
[BlackTeam "Colombia"]
[WhiteTeamCountry "ZIM"]
[BlackTeamCountry "COL"]

1. d4 d5 2. Nf3 Nf6 3. g3 c6 4. Bg2 Bf5 5. Nh4 Be4 6. f3 Bg6 7. O-O e6 8. Nxg6 hxg6 9. e4 Be7 10. c3 $146 ({RR} 10. b3 c5 11. exd5 Nxd5 12. dxc5 Bxc5+ 13. Kh1 Nc6 14. c4 Ndb4 15. a3 Nd3 16. Qe2 Nxc1 17. Rxc1 Nd4 18. Qd3 Nf5 19. Qxd8+ Rxd8 20. Bf1 Nxg3+ 21. Kg2 Nf5 22. Ra2 Nh4+ 23. Kg3 Bd6+ 24. Kf2 Bxh2 {0-1 Henriksson,J (2246)-Eriksson,J (2238) Stockholm Elo op 2009 (9)}) ({RR} 10. b3 Nbd7 11. e5 Ng8 12. f4 Nh6 13. g4 Qb6 14. Be3 Qa5 15. h3 Rc8 16. c3 c5 17. Rf2 c4 18. b4 Qa6 19. a4 b6 20. Nd2 Qb7 21. Qf3 Bh4 22. Rff1 Nf8 23. b5 Nh7 24. a5 bxa5 {1-0 Dmitriev,I (2364)-Karpuzov,G (1907) Yuzhny op 2008 (1)}) 10... c5 11. Be3 Nc6 12. dxc5 dxe4 13. Qe2 Nd5 14. Bf2 e3 15. Bxe3 Nxe3 16. Qxe3 Qd5 17. b4 Nxb4 18. cxb4 Bf6 19. Nc3 Qd4 20. Qxd4 Bxd4+ 21. Kh1 Bxc3 22. Rab1 O-O-O 23. Rb3 Bd2 24. f4 Rd4 25. b5 b6 26. cxb6 axb6 27. Rd1 Rhd8 28. Bf3 Kc7 29. Kg2 Bb4 30. Rxd4 Rxd4 31. Rb2 Kd6 32. Bc6 Bc5 33. Be8 Ke7 34. Bc6 Rd3 35. Rc2 Ra3 36. Rd2 Bd6 37. Re2 Rd3 38. Be4 Rd4 39. Bc6 Kf6 40. Be8 Bc5 41. h4 Rd3 42. Bc6 Ke7 43. Be4 Rd4 44. Bc6 f5 45. Bb7 Rd3 46. Bc8 Be3 47. Kf3 Bd4+ 48. Kg2 e5 49. fxe5 Rc3 50. Bb7 Ke6 51. Bf3 Bxe5 52. Rd2 Kf6 53. Re2 Rc5 54. Bc6 g5 55. hxg5+ Kxg5 56. Bd7 g6 57. a4 Kf6 58. g4 fxg4 59. Bxg4 Rc4 60. Bf3 Rxa4 61. Bc6 Rb4 62. Re4 Rb3 63. Rc4 g5 64. Bd7 Ke7 65. Bc6 Bf4 66. Re4+ Kd6 67. Rc4 Ke5 68. Re4+ Kf5 69. Re8 Rb2+ 70. Kf1 Be5 71. Rf8+ Bf6 72. Bd7+ Kg6 73. Be8+ Kf5 74. Bd7+ Ke5 75. Rb8 Rd2 76. Bc6 Bd8 77. Rb7 Ke6 78. Bf3 Kf5 79. Bc6 Rb2 80. Rb8 Bc7 81. Rb7 Bd8 82. Rb8 Rd2 83. Rb7 Rh2 84. Rb8 Bc7 85. Rf8+ Ke5 86. Rf2 Rh4 87. Re2+ Kd4 88. Rd2+ Kc3 89. Rd7 Be5 90. Rd5 Bf4 91. Rf5 Kc4 92. Rf6 Rh2 93. Rf5 Rb2 94. Bd7 Be3 95. Bc6 g4 96. Re5 Kd3 97. Re8 Rf2+ 98. Kg1 g3 99. Re4 Rh2+ 100. Kf1 0-1

[Event "45th Olympiad 2024"]
[Site "Budapest HUN"]
[Date "2024.09.14"]
[Round "4.31"]
[Board "2"]
[White "Cardoso Cardoso, Jose Gabriel"]
[Black "Makoto, Rodwell"]
[Result "1-0"]
[WhiteElo "2508"]
[BlackElo "2311"]
[PlyCount "69"]
[EventDate "2024.09.11"]
[WhiteTeam "Colombia"]
[BlackTeam "Zimbabwe"]
[WhiteTeamCountry "COL"]
[BlackTeamCountry "ZIM"]

1. e4 e5 2. Nf3 Nc6 3. Bb5 a6 4. Ba4 Nf6 5. O-O Be7 6. Re1 b5 7. Bb3 O-O 8. a4 Bb7 9. d3 d6 10. Bd2 Nd7 11. Nc3 Nc5 ({RR} 11... Nd4 12. Nxd4 exd4 13. Ne2 Bf6 14. Ng3 g6 15. Bh6 Re8 16. f4 Nc5 17. Qf3 Nxb3 18. cxb3 Qd7 19. Rf1 c5 20. Rf2 Bh8 21. f5 d5 22. Qg4 Bc6 23. Raf1 dxe4 24. Nxe4 c4 25. Nc5 Qc8 26. fxg6 {1-0 Topalov,V (2735)-Bologan,V (2679) Corus Wijk aan Zee 2004 (6)}) ({RR} 11... Nd4 12. Nxd4 exd4 13. Ne2 Bf6 14. a5 Rc8 15. Ng3 g6 16. f4 c5 17. Ba2 Bg7 18. Qf3 Kh8 19. Qf2 c4 20. Bb4 Nc5 21. Rad1 f5 22. exf5 Qh4 23. dxc4 gxf5 24. cxb5 axb5 25. c3 d3 26. Bxc5 {1-0 Kacprzak,K (2278)-Priseajniuc,A (1975) European Youth U18 Teams 2023 (1.4)}) 12. Bd5 b4 13. Ne2 b3 14. a5 $146 ({RR} 14. Bc3 bxc2 15. Qxc2 Qd7 16. d4 exd4 17. Nexd4 Nxd4 18. Nxd4 c6 19. Ba2 Rfe8 20. b4 Ne6 21. Nf5 Bf8 22. Rad1 c5 23. Re3 cxb4 24. Bxg7 Bxg7 25. Rg3 Kh8 26. Bxe6 Qxe6 27. Nxg7 Qxe4 {½-½ Kritz,L (2476)-Van der Wiel,J (2509) BL2-West 0203 2002 (6.1)}) ({RR} 14. d4 Nxd4 15. Nfxd4 Bxd5 16. exd5 exd4 17. Nxd4 Bf6 18. Nc6 Qd7 19. cxb3 Bxb2 20. Rb1 Bf6 21. Qf3 Rfe8 22. a5 Rxe1+ 23. Rxe1 Re8 24. Kf1 Rxe1+ 25. Bxe1 Qe8 26. b4 Nd7 27. Qe2 Qc8 28. b5 Nc5 {1-0 Dzhumaev,M (2552)-Niyazmetov,R (2227) UZB-ch Tashkent 2009 (12)}) 14... Rb8 15. Bc3 Na7 16. Bc4 c6 17. Ng3 d5 18. Bxb3 Nxb3 19. cxb3 d4 20. Bd2 f6 21. Nh4 Bc8 22. Nhf5 g6 23. Nxe7+ Qxe7 24. b4 c5 25. Rc1 cxb4 26. Bh6 Re8 27. f4 Be6 28. f5 Bf7 29. Qg4 Rec8 30. fxg6 hxg6 31. Nf5 Qd7 32. Qh4 Be6 33. Qxf6 gxf5 34. Qg6+ Kh8 35. Bg5 1-0